| Tag |
First Indicator |
Second Indicator |
Subfields |
| LEADER |
00000cim a2200000Ii 4500 |
| 001 |
in00003482162 |
| 005 |
20171028063659.0 |
| 007 |
sd fungnnmmned |
| 008 |
131004s2014 mdunnnn f n eng d |
| 019 |
|
|
|a 875393660
|
| 020 |
|
|
|a 9781470368272
|
| 020 |
|
|
|a 1470368277
|
| 020 |
|
|
|a 9781490623955
|
| 020 |
|
|
|a 1490623957
|
| 028 |
0 |
1 |
|a C02798
|b Recorded Books
|
| 035 |
|
|
|a (OCoLC)ocn875186721
|
| 035 |
|
|
|a (OCoLC)875186721
|z (OCoLC)875393660
|
| 040 |
|
|
|a RECBX
|b eng
|e rda
|c RECBX
|d OCLCO
|d IZ8
|d TOH
|d TEF
|d KYB
|d TEFMT
|d RB0
|d TXA
|d UtOrBLW
|
| 043 |
|
|
|a e-uk-en
|
| 049 |
|
|
|a TXAM
|
| 050 |
1 |
4 |
|a PS3561.R44
|b O85 2014c
|
| 082 |
0 |
4 |
|a 813/.54
|2 23
|
| 090 |
|
|
|a PS3561.R44
|b O85 2014b
|
| 100 |
1 |
|
|a Quick, Amanda,
|e author.
|
| 245 |
1 |
0 |
|a Otherwise engaged /
|c by Amanda Quick.
|
| 250 |
|
|
|a Unabridged.
|
| 264 |
|
1 |
|a Prince Frederick, MD :
|b Recorded Books,
|c [2014]
|
| 264 |
|
4 |
|c ℗2014
|
| 300 |
|
|
|a 9 audio discs (10 hr., 45 min.) ;
|c 4 3/4 in.
|
| 306 |
|
|
|a 104500
|
| 336 |
|
|
|a spoken word
|b spw
|2 rdacontent
|
| 337 |
|
|
|a audio
|b s
|2 rdamedia
|
| 338 |
|
|
|a audio disc
|b sd
|2 rdacarrier
|
| 344 |
|
|
|a digital
|b optical
|2 rda
|
| 347 |
|
|
|a audio file
|b CD audio
|2 rda
|
| 511 |
0 |
|
|a Narrated by Louisa Jane Underwood.
|
| 500 |
|
|
|a Compact discs.
|
| 500 |
|
|
|a "Tracks every 3 minutes"--Disc.
|
| 520 |
|
|
|a Barely escaping a would-be abductor who has left a trail of victims in his wake, world traveler Miss Amity Doncaster discovers that her attacker has become obsessed with gossip that ties Amity to scientist Benedict Stanbridge, a spy for the throne who resolves to bring the killer to justice.
|
| 500 |
|
|
|a Sound recording.
|
| 650 |
|
0 |
|a Women travelers
|v Fiction.
|
| 650 |
|
0 |
|a Scientists
|v Fiction.
|
| 650 |
|
0 |
|a Spy stories.
|
| 650 |
|
0 |
|a Man-woman relationships
|v Fiction.
|
| 650 |
|
0 |
|a Romance fiction.
|
| 650 |
|
4 |
|a Romance.
|
| 655 |
|
7 |
|a Suspense fiction.
|2 gsafd
|
| 655 |
|
7 |
|a Adventure fiction.
|2 gsafd
|
| 655 |
|
7 |
|a Audiobooks.
|2 lcgft
|
| 700 |
1 |
|
|a Underwood, Louisa Jane,
|e narrator.
|
| 710 |
2 |
|
|a Recorded Books, LLC.
|
| 948 |
|
|
|a cataloged
|b h
|c 2014/5/6
|d c
|e ceaton
|f 10:23:33 am
|
| 994 |
|
|
|a C0
|b TXA
|
| 999 |
|
|
|a MARS
|
| 999 |
f |
f |
|s c1e7b063-c923-3c4b-86ef-1d75e5a7b7da
|i 5c52a76d-10df-3d90-87c8-5fde37fa5c0e
|t 0
|
| 952 |
f |
f |
|p ric
|a Texas A&M University
|b Rellis Campus
|c Joint Library Facility
|d Remote Storage
|t 0
|e PS3561.R44 O85 2014b
|h Library of Congress classification
|i audio -- audio disc
|m A14842385016
|
| 998 |
f |
f |
|a PS3561.R44 O85 2014b
|t 0
|l Remote Storage
|